| 000 | 00487pab a2200169 454500 | ||
|---|---|---|---|
| 008 | 180718b2005 xxu||||| |||| 00| 0 eng d | ||
| 100 | _aReid, Julian | ||
| 245 | _aThe biopolitics of the war on terror: a critique of the `return of imperialism' thesis in international relations | ||
| 260 | _c2005 | ||
| 300 | _ap.237-52. | ||
| 650 | _aInternational relations | ||
| 650 | _aImperialism | ||
| 650 | _aWar | ||
| 650 | _aTerrorism | ||
| 773 | _aThird World Quarterly | ||
| 909 | _a65294 | ||
| 999 |
_c65294 _d65294 |
||